[Event "Titled Tuesday intern op 19th Dec Early"]
[Site "Chess.com INT"]
[Date "2023.12.19"]
[Round "2"]
[White "Serreau, David"]
[Black "Garrido, Denis"]
[Result "1/2-1/2"]
[WhiteElo "2155"]
[BlackElo "2227"]
[PlyCount "138"]
[EventDate "2023.12.19"]
[EventType "swiss (blitz)"]
[EventRounds "11"]
[EventCountry "USA"]
[SourceTitle "CB52_2023"]
[SourceDate "2023.12.27"]
[SourceVersion "1"]
[SourceVersionDate "2023.12.27"]
[SourceQuality "1"]

1. Nf3 Nf6 2. c4 g6 3. b3 Bg7 4. Bb2 0-0 5. g3 c5 6. Bg2 Nc6 7. 0-0 d6 8. d4 cxd4 9. Nxd4 Bd7 10. Nc3 a6 11. Rc1 Qa5 12. Nc2 Rab8 13. Ne3 Rfc8 14. Qd2 b5 15. Rfd1 h5 16. Ncd5 Qxd2 17. Rxd2 Nxd5 18. Nxd5 Bxb2 19. Rxb2 bxc4 20. Rxc4 Kf8 21. Rbc2 Ne5 22. Rxc8+ Rxc8 23. Rxc8+ Bxc8 24. Kf1 Bd7 25. Nc3 e6 26. Ke1 Ke7 27. Kd2 d5 28. e3 Kd6 29. h3 Nc6 30. a3 Na5 31. Kc2 f6 32. Bf1 Bc8 33. Ne2 e5 34. Nc3 Bf5+ 35. Kb2 d4 36. exd4 exd4 37. Nd1 Bc8 38. Bd3 g5 39. h4 gxh4 40. gxh4 Nc6 41. Kc2 Ke5 42. Nb2 Kf4 43. Nc4 Kg4 44. Nd6 Bd7 45. Ne4 Kxh4 46. Nxf6 Bc8 47. Be2 Ne5 48. Nxh5 d3+ 49. Bxd3 Kxh5 50. f4 Nc6 51. Kc3 Kg4 52. f5 Kg5 53. b4 Na7 54. a4 Kf6 55. Kd4 Nc6+ 56. Kc5 Ne5 57. Be4 Bd7 58. Kb6 Bxa4 59. Kxa6 Nd7 60. Kb7 Bb3 61. Kc6 Ne5+ 62. Kb7 Bc4 63. Kb6 Ke7 64. Kc5 Be2 65. b5 Nd7+ 66. Kc6 Nb8+ 67. Kb7 Bxb5 68. Kxb8 Bd7 69. f6+ Kxf6 1/2-1/2

[Event "Titled Tuesday intern op 14th July"]
[Site "Chess.com INT"]
[Date "2020.07.14"]
[Round "2"]
[White "Serreau, David"]
[Black "Donchenko, Anatoly G"]
[Result "0-1"]
[WhiteElo "2155"]
[BlackElo "2233"]
[PlyCount "102"]
[EventDate "2020.07.14"]
[EventType "swiss (blitz)"]
[EventRounds "10"]
[EventCountry "USA"]
[SourceTitle "CBM 197 Extra"]
[Source "ChessBase"]
[SourceDate "2020.09.30"]
[SourceVersion "1"]
[SourceVersionDate "2020.09.30"]
[SourceQuality "1"]

1. Nf3 Nf6 2. c4 e6 3. g3 d5 4. Bg2 Be7 5. 0-0 0-0 6. d4 b6 7. Nbd2 Bb7 8. Qc2 Nbd7 9. b3 c5 10. dxc5 Nxc5 11. Bb2 Rc8 12. Rad1 Qc7 13. Qb1 a6 14. Qa1 Rfd8 15. Rc1 Qb8 16. cxd5 Bxd5 17. Nc4 b5 18. Nce5 h6 19. Rfd1 Bf8 20. Nd3 Nxd3 21. Rxd3 Rxc1+ 22. Bxc1 Be4 23. Rxd8 Qxd8 24. Bb2 Be7 25. Ne5 Bxg2 26. Kxg2 Qd5+ 27. Nf3 Qf5 28. Bxf6 gxf6 29. Qd4 Qc2 30. Qd2 Qxd2 31. Nxd2 f5 32. e4 Bb4 33. Nf3 fxe4 34. Nd4 Bc5 35. Nc2 f5 36. Kf1 Kf7 37. Ke2 Kf6 38. Ne1 Ke5 39. Ng2 Bd6 40. Nf4 Kf6 41. Ng2 Be5 42. f3 exf3+ 43. Kxf3 Bd6 44. Ke3 h5 45. Kd3 e5 46. Ne3 Kg5 47. Ng2 e4+ 48. Ke3 Bc5+ 49. Ke2 Kg4 50. a4 bxa4 51. bxa4 Bg1 0-1

[Event "Leon blitz op 33rd"]
[Site "Chess.com INT"]
[Date "2020.07.14"]
[Round "4"]
[White "Serreau, David"]
[Black "Gurevich, Dmitry"]
[Result "1/2-1/2"]
[WhiteElo "2155"]
[BlackElo "2399"]
[PlyCount "87"]
[EventDate "2020.07.14"]
[EventType "swiss (blitz)"]
[EventRounds "10"]
[EventCountry "ESP"]
[SourceTitle "CBM 197 Extra"]
[Source "ChessBase"]
[SourceDate "2020.09.30"]
[SourceVersion "1"]
[SourceVersionDate "2020.09.30"]
[SourceQuality "1"]

1. Nf3 Nf6 2. c4 c5 3. g3 b6 4. Bg2 Bb7 5. 0-0 g6 6. b3 d5 7. cxd5 Bg7 8. Bb2 0-0 9. Qc2 Qxd5 10. Nh4 Qd7 11. Bxb7 Qxb7 12. Nc3 Nc6 13. d3 Rac8 14. e3 Rfd8 15. Rad1 Qd7 16. Nf3 Qg4 17. Qe2 Rd7 18. Rd2 Rcd8 19. Rfd1 Bh6 20. Kg2 Qe6 21. d4 cxd4 22. Nxd4 Nxd4 23. Rxd4 Rxd4 24. Rxd4 Rxd4 25. exd4 Qxe2 26. Nxe2 Bd2 27. Bc1 Bxc1 28. Nxc1 Nd5 29. Kf3 f6 30. Ke4 e6 31. f4 Kf7 32. Kd3 Ke7 33. a3 Kd6 34. Ne2 h5 35. Ke4 a5 36. Kd3 Kc6 37. Nc3 Nxc3 38. Kxc3 Kd5 39. Kd3 b5 40. h3 g5 41. fxg5 fxg5 42. Ke3 h4 43. gxh4 gxh4 44. Kd3 1/2-1/2

[Event "Titled Tuesday intern op1 3rd March  "]
[Site "Chess.com INT"]
[Date "2020.03.03"]
[Round "3"]
[White "Dardha, Daniel"]
[Black "Serreau, David"]
[Result "1-0"]
[WhiteElo "2445"]
[BlackElo "2155"]
[PlyCount "49"]
[EventDate "2020.03.03"]
[EventType "swiss (blitz)"]
[EventRounds "10"]
[EventCountry "USA"]
[SourceTitle "EXT 2021"]
[Source "ChessBase"]
[SourceDate "2020.10.23"]
[SourceVersion "1"]
[SourceVersionDate "2020.10.23"]
[SourceQuality "1"]

1. Nf3 Nf6 2. c4 c5 3. d4 cxd4 4. Nxd4 e5 5. Nb5 d5 6. cxd5 Bc5 7. g3 0-0 8. N5c3 e4 9. Bg2 Bf5 10. 0-0 h6 11. Be3 Bxe3 12. fxe3 Bg6 13. Na3 Nbd7 14. Qd4 Re8 15. Nc4 Qe7 16. Rad1 b6 17. Nb5 Nc5 18. d6 Qd7 19. Rxf6 gxf6 20. Nc7 Ne6 21. Nxe8 Rxe8 22. Qxf6 Nc5 23. b4 Ne6 24. Ne5 Qd8 25. d7 1-0

[Event "Titled Tuesday intern op 3rd March"]
[Site "Chess.com INT"]
[Date "2020.03.03"]
[Round "1"]
[White "Eraschenkov, Denis"]
[Black "Serreau, David"]
[Result "1-0"]
[WhiteElo "2349"]
[BlackElo "2155"]
[PlyCount "67"]
[EventDate "2020.03.03"]
[EventType "swiss (blitz)"]
[EventRounds "10"]
[EventCountry "USA"]
[SourceTitle "EXT 2021"]
[Source "ChessBase"]
[SourceDate "2020.10.23"]
[SourceVersion "1"]
[SourceVersionDate "2020.10.23"]
[SourceQuality "1"]

1. e4 c5 2. Nf3 d6 3. d4 Nf6 4. Nc3 cxd4 5. Nxd4 a6 6. Be2 e5 7. Nb3 Be7 8. Be3 0-0 9. a4 Nbd7 10. a5 Qc7 11. 0-0 Nc5 12. Nxc5 dxc5 13. Bc4 Be6 14. Bxe6 fxe6 15. Qe2 Qc6 16. Ra4 Rac8 17. b3 Rfd8 18. f3 Rd4 19. Bxd4 exd4 20. Nb1 e5 21. Nd2 Nh5 22. g3 Qg6 23. Qg2 Bg5 24. Nc4 Re8 25. Raa1 Bf6 26. Kh1 Rd8 27. Rad1 Qf7 28. f4 exf4 29. gxf4 Be7 30. f5 Nf6 31. Rde1 Qh5 32. Rg1 Bf8 33. e5 Nd5 34. Re4 1-0

[Event "Titled Tuesday intern op 2nd April"]
[Site "Chess.com INT"]
[Date "2019.04.02"]
[Round "3"]
[White "Fajdetic, Hrvoje"]
[Black "Serreau, David"]
[Result "1-0"]
[WhiteElo "2172"]
[BlackElo "2155"]
[PlyCount "69"]
[EventDate "2019.04.02"]
[EventType "swiss (blitz)"]
[EventRounds "10"]
[EventCountry "USA"]
[SourceTitle "EXT 2021"]
[Source "ChessBase"]
[SourceDate "2020.10.23"]
[SourceVersion "1"]
[SourceVersionDate "2020.10.23"]
[SourceQuality "1"]

1. d4 Nf6 2. Bf4 g6 3. Nc3 d5 4. e3 Bg7 5. h4 h6 6. Bd3 c5 7. Nf3 0-0 8. Qd2 Nc6 9. 0-0-0 Qa5 10. Kb1 Bg4 11. Rde1 c4 12. Be2 b5 13. Ne5 Bd7 14. Nxd7 Nxd7 15. e4 dxe4 16. Bxh6 b4 17. Nxe4 c3 18. Qg5 Bxh6 19. Qxh6 b3 20. Nxc3 bxc2+ 21. Ka1 Nxd4 22. Bc4 Qh5 23. Qe3 e5 24. g4 Qh7 25. h5 g5 26. Qxg5+ Qg7 27. Qe3 Nb6 28. Bb3 Nxb3+ 29. axb3 a5 30. Na4 Nxa4 31. bxa4 Rab8 32. h6 Qf6 33. g5 Qb6 34. Qxe5 Rfe8 35. Qg7# 1-0

[Event "Titled Tuesday intern op 2nd April"]
[Site "Chess.com INT"]
[Date "2019.04.02"]
[Round "4"]
[White "Serreau, David"]
[Black "Koksal, Ege"]
[Result "0-1"]
[WhiteElo "2155"]
[BlackElo "2363"]
[PlyCount "86"]
[EventDate "2019.04.02"]
[EventType "swiss (blitz)"]
[EventRounds "10"]
[EventCountry "USA"]
[SourceTitle "EXT 2021"]
[Source "ChessBase"]
[SourceDate "2020.10.23"]
[SourceVersion "1"]
[SourceVersionDate "2020.10.23"]
[SourceQuality "1"]

1. Nf3 d5 2. c4 c6 3. g3 Nf6 4. Bg2 Bg4 5. Ne5 Bf5 6. 0-0 e6 7. d4 Nbd7 8. Nc3 Bd6 9. Bf4 Qc7 10. Nxd7 Qxd7 11. Bxd6 Qxd6 12. Qb3 0-0 13. Rfe1 Qd7 14. f3 Bg6 15. Rad1 a6 16. Na4 Qe7 17. cxd5 cxd5 18. Rc1 h5 19. Nb6 Rad8 20. Rc3 e5 21. Re3 e4 22. fxe4 dxe4 23. Rd1 h4 24. gxh4 Ng4 25. Rh3 Qf6 26. h5 Bh7 27. Rg3 Qh4 28. Bh3 Nh6 29. Qe3 Qxh5 30. Rf1 f5 31. Rg5 Qf7 32. Kh1 Qf6 33. Rfg1 Rf7 34. d5 Qxb2 35. Qc5 Rdf8 36. d6 Qxe2 37. d7 Ng4 38. Bxg4 fxg4 39. R5xg4 Qf3+ 40. R4g2 e3 41. Qd4 Be4 42. d8Q Qxg2+ 43. Rxg2 Rf1# 0-1

[Event "FRA-chT2 0910"]
[Site "France"]
[Date "2010.01.24"]
[Round "7.6"]
[White "Serreau, David"]
[Black "Ollier, Milan"]
[Result "1/2-1/2"]
[WhiteElo "2176"]
[BlackElo "2089"]
[PlyCount "69"]
[EventDate "2009.09.27"]
[EventType "team-tourn"]
[EventRounds "11"]
[EventCountry "FRA"]
[SourceTitle "EXT 2011"]
[Source "ChessBase"]
[SourceDate "2010.11.26"]
[SourceVersion "1"]
[SourceVersionDate "2010.11.26"]
[SourceQuality "1"]

1. Nf3 c5 2. c4 Nc6 3. d4 cxd4 4. Nxd4 Nf6 5. g3 Qb6 6. Nb5 Ne5 7. Bf4 a6 8. Bxe5 axb5 9. Bg2 bxc4 10. 0-0 d6 11. Bd4 Qc7 12. Bxf6 gxf6 13. Na3 Ra5 14. Rc1 b5 15. Qd2 Bd7 16. Nb1 Rxa2 17. Nc3 Ra6 18. Nd5 Qa7 19. b3 Ra2 20. Qf4 h5 21. Qe4 f5 22. Qh4 cxb3 23. Rc7 Qa5 24. Rb7 Rc2 25. Qd4 Rg8 26. Ra1 Qd8 27. Qe3 e6 28. Rxd7 Kxd7 29. Ra7+ Ke8 30. Qxb3 Rc5 31. Nc3 Bg7 32. Nxb5 Rc1+ 33. Bf1 Be5 34. Qa3 Ra1 35. Nxd6+ 1/2-1/2

[Event "FRA-chT2 0910"]
[Site "France"]
[Date "2009.11.22"]
[Round "4.5"]
[White "Pouplin, Johan"]
[Black "Serreau, David"]
[Result "0-1"]
[WhiteElo "1782"]
[BlackElo "2175"]
[PlyCount "46"]
[EventDate "2009.09.27"]
[EventType "team-tourn"]
[EventRounds "11"]
[EventCountry "FRA"]
[SourceTitle "EXT 2011"]
[Source "ChessBase"]
[SourceDate "2010.11.26"]
[SourceVersion "1"]
[SourceVersionDate "2010.11.26"]
[SourceQuality "1"]

1. e4 c5 2. Nf3 d6 3. d4 Nf6 4. Nc3 cxd4 5. Nxd4 a6 6. f3 e5 7. Nb3 Be6 8. Bg5 Be7 9. Qd2 Nbd7 10. 0-0-0 Qc7 11. Kb1 0-0 12. f4 b5 13. f5 Bc4 14. Bxc4 bxc4 15. Nc1 Rab8 16. N1e2 Qb7 17. Qc1 Nc5 18. Bxf6 Bxf6 19. h4 Nxe4 20. Nxe4 Qxe4 21. Ng3 Qg4 22. Rh3 e4 23. c3 Bxc3 0-1

[Event "FRA-chT2S"]
[Site "France"]
[Date "2002.12.08"]
[Round "4.3"]
[White "Serreau, David"]
[Black "Tugaye, Francis"]
[Result "0-1"]
[WhiteElo "2185"]
[BlackElo "2157"]
[PlyCount "78"]
[EventDate "2002.10.??"]
[EventType "team"]
[EventRounds "11"]
[EventCountry "FRA"]
[SourceTitle "EXT 2004"]
[Source "ChessBase"]
[SourceDate "2003.11.25"]
[SourceVersion "1"]
[SourceVersionDate "2003.11.25"]
[SourceQuality "1"]

1. Nf3 Nf6 2. c4 c5 3. g3 b6 4. Bg2 Bb7 5. 0-0 e6 6. Nc3 Be7 7. d4 cxd4 8. Qxd4 d6 9. Rd1 a6 10. b3 Nbd7 11. Bb2 0-0 12. e4 Qc7 13. Rac1 Rac8 14. Qe3 Qb8 15. Nd4 Rfe8 16. h3 h5 17. g4 hxg4 18. hxg4 Ne5 19. g5 Nh7 20. Qg3 Ng6 21. f4 d5 22. exd5 Nxf4 23. g6 fxg6 24. Nxe6 Bd6 25. Nxf4 Bxf4 26. Qxg6 Be3+ 27. Kh1 Qf4 28. Be4 Ng5 29. Rc2 Rxe4 30. Nxe4 Qf3+ 31. Rg2 Qxd1+ 32. Kh2 Bf4+ 33. Ng3 Rc7 34. Qe8+ Kh7 35. Qf8 Rf7 36. Qe8 Bc8 37. Qxc8 Qh5+ 38. Kg1 Be3+ 39. Rf2 Bxf2+ 0-1

[Event "FRA-chT2S"]
[Site "France"]
[Date "2002.11.17"]
[Round "3.5"]
[White "Serreau, David"]
[Black "De Labaca, Romuald"]
[Result "1/2-1/2"]
[WhiteElo "2185"]
[BlackElo "2153"]
[PlyCount "53"]
[EventDate "2002.10.??"]
[EventType "team"]
[EventRounds "11"]
[EventCountry "FRA"]
[SourceTitle "EXT 2004"]
[Source "ChessBase"]
[SourceDate "2003.11.25"]
[SourceVersion "1"]
[SourceVersionDate "2003.11.25"]
[SourceQuality "1"]

1. Nf3 Nf6 2. c4 c5 3. g3 Nc6 4. d4 cxd4 5. Nxd4 g6 6. b3 Bg7 7. Bb2 0-0 8. Bg2 Nxd4 9. Bxd4 d6 10. 0-0 a6 11. e4 Qa5 12. Nd2 Nd7 13. Nf3 Rb8 14. Bxg7 Kxg7 15. Nd4 Nf6 16. h3 Bd7 17. Nc2 Rfc8 18. Ne3 Bc6 19. Qd4 Kg8 20. Rfe1 Qc5 21. Qxc5 dxc5 22. e5 Ne8 23. Bxc6 Rxc6 24. Nd5 Kf8 25. Nf4 e6 26. Red1 Ke7 27. Kf1 1/2-1/2

[Event "Budapest FS11 FM"]
[Site "Budapest"]
[Date "2001.??.??"]
[Round "12"]
[White "Haanpaa, Jorma"]
[Black "Serreau, David"]
[Result "1/2-1/2"]
[WhiteElo "2110"]
[BlackElo "2000"]
[PlyCount "36"]
[EventDate "2001.11.03"]
[EventType "tourn"]
[EventRounds "13"]
[EventCountry "HUN"]
[SourceTitle "CBM 085 Extra"]
[Source "ChessBase"]
[SourceDate "2002.01.21"]
[SourceVersion "1"]
[SourceVersionDate "2002.01.21"]
[SourceQuality "1"]

1. e4 e6 2. d4 c5 3. Nf3 cxd4 4. Nxd4 a6 5. c4 d6 6. Nc3 Nf6 7. Be2 Be7 8. 0-0 0-0 9. Be3 Nbd7 10. f4 Qc7 11. Rc1 b6 12. Bf3 Bb7 13. Bf2 Rac8 14. Qd2 Nc5 15. Rfe1 Rfd8 16. Qe3 h6 17. g4 Nh7 18. h4 g5 1/2-1/2

[Event "Orange op"]
[Site "Orange"]
[Date "1994.??.??"]
[Round "3"]
[White "Mollaoglu, Ergin"]
[Black "Serreau, David"]
[Result "1-0"]
[WhiteElo "2380"]
[BlackElo "2010"]
[PlyCount "77"]
[EventDate "1994.??.??"]
[EventType "swiss"]
[EventRounds "9"]
[EventCountry "FRA"]
[SourceTitle "EXT 1999"]
[Source "ChessBase"]
[SourceDate "1998.11.16"]
[SourceVersion "1"]
[SourceVersionDate "1998.11.16"]
[SourceQuality "1"]

1. d4 Nf6 2. Nf3 g6 3. c4 Bg7 4. Nc3 d5 5. cxd5 Nxd5 6. e4 Nb6 7. h3 0-0 8. Be2 Nc6 9. d5 Na5 10. 0-0 c6 11. dxc6 Nxc6 12. Bg5 h6 13. Bf4 e5 14. Be3 Be6 15. Qc1 Kh7 16. Rd1 Qc8 17. Nd5 Bxd5 18. exd5 Nd4 19. Nxd4 exd4 20. Bxd4 Rd8 21. Qf4 Nxd5 22. Qxf7 Qd7 23. Qxg7+ Qxg7 24. Bxg7 Kxg7 25. Bf3 Nf6 26. b3 Rxd1+ 27. Rxd1 Rb8 28. Rc1 Ne8 29. Re1 Kf8 30. Be4 g5 31. Bf3 Ng7 32. Rc1 Ne8 33. b4 Ke7 34. b5 Kd7 35. a4 Nd6 36. Bg4+ Kd8 37. Re1 Nc4 38. Re4 Nb2 39. Rb4 1-0